Tony Winning Scores By Song Quiz Stats

 Plays Quiz not verified by Sporcle

Challenge
Share
Tweet
Embed
Score 0/53 Timer 15:00
0 Plays Today
% Correct
Fiddler on the Roof
84.6%
Les Miserables
84.6%
Annie
79.5%
Cats
79.5%
Man of La Mancha
71.8%
Hairspray
71.8%
South Pacific
69.2%
Sweeney Todd: The Demon Barber of Fleet Street
66.7%
Oliver!
64.1%
Company
64.1%
A Chorus Line
64.1%
Spring Awakening
64.1%
Rent
61.5%
Kiss Me, Kate
56.4%
A Little Night Music
56.4%
Avenue Q
56.4%
Newsies
56.4%
Gigi
53.8%
La Cage aux Folles
53.8%
Into the Woods
53.8%
Hello, Dolly!
48.7%
Ragtime
48.7%
The Producers
46.2%
The Book of Mormon
46.2%
Evita
43.6%
Nine
43.6%
Big River
43.6%
% Correct
Next to Normal
43.6%
Follies
41%
The Drowsy Chaperone
38.5%
Sunset Boulevard
35.9%
Aida
35.9%
Cabaret
33.3%
City of Angels
30.8%
The Light in the Piazza
30.8%
In the Heights
30.8%
Memphis
30.8%
The Mystery of Edwin Drood
28.2%
Passion
28.2%
The Will Rogers Follies
25.6%
Falsettos
25.6%
Parade
25.6%
Urinetown
25.6%
Call Me Madam
23.1%
No Strings
23.1%
On The Twentieth Century
23.1%
Titanic
23.1%
The Wiz
20.5%
The Who's Tommy
20.5%
Kiss of the Spider Woman
17.9%
Street Scene
15.4%
Woman of the Year
15.4%
Hallelujah, Baby!
10.3%

You're not logged in!

Compare scores with friends on all Sporcle quizzes.
OR
Log In

You Might Also Like...

Show Comments

Extras

Top Quizzes Today


Score Distribution

Your Account Isn't Verified!

In order to create a playlist on Sporcle, you need to verify the email address you used during registration. Go to your Sporcle Settings to finish the process.

Report this User

Report this user for behavior that violates our Community Guidelines.

Details: